LEADER 00810nam a2200217 i 4500 001 000000143283 003 CaOOAMICUS 005 20050928000000.0 008 050928n it u000 u ita u 013 $a118641 040 $aSeMil$bita 100 1 $aGiuliotti, Domenico,$d<1877-1956>.$0(OLS)http://semarc/name/8610 245 10$aCalendottobre /$cDomenico Giuliotti. 260 $aMonza :$bNuova Massimo,$c[19-?] 300 $a236 p. ;$c19 cm. 650 4$aLetteratura - Saggi.$0(OLS)http://semarc/subject/200 850 $aSeMil 852 $aSeMil$W1$xVenegono$y1$m471 2 *$j96399$B96399$CSeMilBibl$Z2$F103581 $81 961 $aRecupero: Biblioteca Seminario Saronno 996 $6245$aCalendottobre$9(OLS)http://semarc/title/209708 996 $6260$aMonza :$bNuova Massimo$9(OLS)http://semarc/publisher/44687 LEADER 00667nab a2200133 i 4500 001 000000324810 003 CaOOAMICUS 005 20180831173450.0 008 180831n it uu u0 0ita r 013 $a35720 040 $aSeMil$bita 245 12$aL'avete fatto a me... Associazione. Incontri di Cultura e Spiritualitą. Incontri di accompagnamento vocazionale del Seminario. - In [rubrica] :$bLa Fiaccola ricorda. 773 0 $tSvegliate il mondo!.$gp.32-[33]$w()285182 996 $6245$aL'avete fatto a me... Associazione. Incontri di Cultura e Spiritualitą. Incontri di accompagnamento vocazionale del Seminario. - In [rubrica] :$bLa Fiaccola ricorda.$9(OLS)http://semarc/title/398064